000
00306nam a22001337a 4500
008
171003b xxu||||| |||| 00| 0 eng d
020
_a
2900205511388
041
_a
eng
080
_2
6TH
_a
159.9
100
_a
48
101
_a
PSI
245
_a
INFANTS,CHILDREN ANDADOLESCENTS
_c
BERK,L,E
942
_2
udc
_c
BK
999
_c
31467
_d
31467